Spôsob zdaňovania niektorých druhov dôchodkov
Dôchodky poskytované zamestnávateľom svojim zamestnancom. Plnenia z poistenia pre prípad dožitia veku a z dôchodkového poistenia mimo Fondu dôchodkového zabezpečenia. Dôchodky vyplácané podľa osobitných predpisov.
Uložené v:
| Médium: | Kapitola |
|---|---|
| Jazyk: | Slovak |
| Predmet: | |
| Tagy: |
Žiadne tagy, Buďte prvý, kto otaguje tento záznam!
|
MARC
| LEADER | 00000naa a2200000 4500 | ||
|---|---|---|---|
| 001 | r018570 | ||
| 005 | 20221213100205.6 | ||
| 041 | 0 | |a slo | |
| 044 | |a SK | ||
| 245 | 1 | 0 | |a Spôsob zdaňovania niektorých druhov dôchodkov |
| 520 | |a Dôchodky poskytované zamestnávateľom svojim zamestnancom. Plnenia z poistenia pre prípad dožitia veku a z dôchodkového poistenia mimo Fondu dôchodkového zabezpečenia. Dôchodky vyplácané podľa osobitných predpisov. | ||
| 610 | 2 | 0 | |a dôchodky |
| 610 | 2 | 0 | |a dane z príjmov |
| 610 | 2 | 0 | |a zamestnanci |
| 610 | 2 | 0 | |a poistenie dôchodkové |
| 610 | 2 | 0 | |a predpisy právne |
| 610 | 2 | 0 | |a Slovensko |
| 610 | 2 | 0 | |a fond poistenia dôchodkového |